Maschio allo specchio
Salvato in:
| Autore principale: | |
|---|---|
| Natura: | Libro |
| Lingua: | lingua imprecisata |
| Pubblicazione: |
Firenze
Firenze libri
1988
|
| Tags: |
Nessun Tag, puoi essere il primo ad aggiungerne!!
|
MARC
| LEADER | 00000nam a2200000Ia 4500 | ||
|---|---|---|---|
| 001 | 504 | ||
| 003 | NUMERAZIONE-ORIGINALE-BRESCIA | ||
| 005 | 20260206230753.0 | ||
| 008 | 260206s9999 xx 000 0 und d | ||
| 100 | |a Paniccia Roberto | ||
| 245 | 0 | |a Maschio allo specchio | |
| 260 | |a Firenze | ||
| 260 | |b Firenze libri | ||
| 260 | |c 1988 | ||
| 500 | |a Jester | ||
| 942 | |2 ddc |c BK |n 0 | ||
| 952 | |0 0 |1 0 |2 ddc |4 0 |6 26 |7 0 |9 28631 |a BS |b BS |d 2026-02-06 |i 504 |l 0 |o 2-6-* |r 2026-02-06 22:40:39 |w 2026-02-06 |x [REVISIONARE] |y BK | ||
| 999 | |c 24289 |d 24289 | ||